00241nam a2200097Ia 4500008004000000082001800040100000600058245003000064260004200094300000700136210210b1978 xxu||||| |||| 00| 0 eng d a346.0436 TRAN a- aTransfer of property act. aAllahabadbAllahabad Law Agencyc1978 a48